00753nam a2200217Ia 4500003000900000008004100009020003000050020003100080022002200111022002300133040001600156100003200172245003800204260005700242300002000299490003900319650003700358650005500395650001200450856007300462IN-BaIIA211028s9999 xx s 000 0 eng d a978-3-642-30969-4 (Print) a978-3-642-30970-0 (Online) a0941-7834 (Print) a2196-9698 (Online) cIIA Library aCourvoisier, Thierry J.-L.  0aHigh Energy Astrophysicsh[eBook] aHeidelberg, BerlinbSpringer Berlin Heidelbergc2013 aOnline resource aAstronomy and Astrophysics Library a Astrophysics and Astroparticles a Particle Acceleration and Detection, Beam Physics aPhysics uhttp://doi.org/10.1007/978-3-642-30970-0yClick Here to Access eBook